Минералого-петрохимические черты ассоциации основных гипабиссальных пород Берикульского рудного поля; Известия Томского политехнического университета [Известия ТПУ]; Т. 306, № 6

Bibliographische Detailangaben
Parent link:Известия Томского политехнического университета [Известия ТПУ]/ Томский политехнический университет (ТПУ).— , 2000-
Т. 306, № 6.— 2003.— [С. 21-28]
1. Verfasser: Кучеренко И. В. Игорь Васильевич
Zusammenfassung:Заглавие с титульного листа
Электронная версия печатной публикации
Приведены строение, минеральный и химический составы, анализируются петрохимические параметры даек основных изверженных пород пяти генераций, становление которых непосредственно предшествовало рудообразованию и сопровождало его. Дайки принадлежат семейству умеренно щелочных оливиновых долеритов и сложены породами трех видов: умеренно щелочными оливиновыми (оливинсодержащими) долеритом и лейкодолеритом, а также одинитом, выделенным условно. Состав даек эволюционирует от долерита и лейкодолерита в начале активной флюидно-магматической деятельности на предрудном этапе до лейкодолерита в процессе и конце ее. Многоактное внедрение основных умеренно щелочных расплавов чередовалось с поступлением гидротермальных рудообразующих растворов. Сделан вывод о генерации расплавов в мантийном очаге отдифференцированной до начала становления дайковой ассоциации базальтовой магмы в направлении некоторого увеличения ее щелочности и кремнекислотности. Обсуждаются факты, указывающие на флюидоподводящую роль даек на этапе рудообразования и на формирование их, как и месторождения, на плутонических уровнях глубинности.
Sprache:Russisch
Veröffentlicht: 2003
Schriftenreihe:Естественные науки
Schlagworte:
Online-Zugang:http://www.lib.tpu.ru/fulltext/v/Bulletin_TPU/2003/v306/i6/05.pdf
Format: MixedMaterials Elektronisch Buchkapitel
KOHA link:https://koha.lib.tpu.ru/cgi-bin/koha/opac-detail.pl?biblionumber=167895

MARC

LEADER 00000nla2a2200000 4500
001 167895
005 20231031162929.0
035 |a (RuTPU)RU\TPU\book\182148 
035 |a RU\TPU\book\182147 
090 |a 167895 
100 |a 20091021d2003 k y0rusy50 ca 
101 0 |a rus 
102 |a RU 
135 |a drnn ---uucaa 
181 0 |a i  
182 0 |a b 
200 1 |a Минералого-петрохимические черты ассоциации основных гипабиссальных пород Берикульского рудного поля  |b Электронный ресурс  |f И. В. Кучеренко 
203 |a Текст  |c электронный 
215 |a 1 файл (796 Кб) 
225 1 |a Естественные науки 
230 |a Электронные текстовые данные (1 файл : 796 Кб) 
300 |a Заглавие с титульного листа 
300 |a Электронная версия печатной публикации 
320 |a [Библиогр.: с. 28 (8 назв.)] 
330 |a Приведены строение, минеральный и химический составы, анализируются петрохимические параметры даек основных изверженных пород пяти генераций, становление которых непосредственно предшествовало рудообразованию и сопровождало его. Дайки принадлежат семейству умеренно щелочных оливиновых долеритов и сложены породами трех видов: умеренно щелочными оливиновыми (оливинсодержащими) долеритом и лейкодолеритом, а также одинитом, выделенным условно. Состав даек эволюционирует от долерита и лейкодолерита в начале активной флюидно-магматической деятельности на предрудном этапе до лейкодолерита в процессе и конце ее. Многоактное внедрение основных умеренно щелочных расплавов чередовалось с поступлением гидротермальных рудообразующих растворов. Сделан вывод о генерации расплавов в мантийном очаге отдифференцированной до начала становления дайковой ассоциации базальтовой магмы в направлении некоторого увеличения ее щелочности и кремнекислотности. Обсуждаются факты, указывающие на флюидоподводящую роль даек на этапе рудообразования и на формирование их, как и месторождения, на плутонических уровнях глубинности. 
337 |a Adobe Reader 
461 1 |0 (RuTPU)RU\TPU\book\176237  |t Известия Томского политехнического университета [Известия ТПУ]  |f Томский политехнический университет (ТПУ)  |d 2000- 
463 1 |0 (RuTPU)RU\TPU\book\182122  |t Т. 306, № 6  |v [С. 21-28]  |d 2003  |p 167 с. 
610 1 |a петрохимические параметры 
610 1 |a строение 
610 1 |a минеральный состав 
610 1 |a химический состав 
610 1 |a дайки 
610 1 |a гипабиссальные породы 
610 1 |a долериты 
610 1 |a лейкодолериты 
610 1 |a одиниты 
610 1 |a базальтовая магма 
610 1 |a рудообразование 
610 1 |a труды учёных ТПУ 
610 1 |a электронный ресурс 
700 1 |a Кучеренко  |b И. В.  |c российский геолог  |c профессор Томского политехнического университета, доктор геолого-минералогических наук  |f 1937-  |g Игорь Васильевич  |2 stltpush  |3 (RuTPU)RU\TPU\pers\13904 
801 1 |a RU  |b 63413507  |c 20090623  |g PSBO 
801 2 |a RU  |b 63413507  |c 20210521  |g PSBO 
856 4 |u http://www.lib.tpu.ru/fulltext/v/Bulletin_TPU/2003/v306/i6/05.pdf 
942 |c CF